Fungal metabolites

Guardat en:
Dades bibliogràfiques
Autor principal: Turner, W. B (Autor)
Format: Llibre
Idioma:anglès
Publicat: Londres Academic 1971
Matèries:
Etiquetes: Afegir etiqueta
Sense etiquetes, Sigues el primer a etiquetar aquest registre!

MARC

LEADER 00000nam a2200000 a 4500
001 UCU4166
003 CL-VaPUC
008 960517e19710000UK |||||||||||||||||eng|d
082 0 4 |a 589.2  |b TUR  |2 21 
100 0 |a Turner, W. B  |e author  |9 361614 
245 1 0 |a Fungal metabolites 
300 |a 446 p 
942 |c BK 
945 |d 19960517 00:00:00  |a paguirre 
260 |a Londres  |b Academic  |c 1971 
650 0 |a Hongos  |9 261629 
650 0 |a Micología  |9 326258 
650 0 |a Bioquímica   |9 259492 
650 0 |a Metabolismo  |9 259893 
650 0 |a Aminoácidos   |9 259616 
650 0 |a Acetato  |9 361615 
583 |a last modification  |c 19960517 00:00:00  |k Rodrigo Vera 
999 |c 247966  |d 247964 
952 |0 0  |1 0  |4 0  |6 589_200000000000000_TUR_1971  |7 0  |8 A  |9 264254  |a BIBING  |b BIBING  |d 2019-11-19  |i 1661426  |o 589.2 TUR 1971  |p 1661426  |r 2025-01-20  |w 2019-11-19  |y BK  |k EIB